Statystyki dla Sportowiec - dyscyplina

Kliknij tutaj aby rozwiązać quiz!

Ogólne statystyki

  • Ten quiz został rozwiązany 660 razy
  • Średni wynik to 9 z 15

Statystyki odpowiedzi

SportowiecDyscyplina% Poprawnych
1.Michael Jordankoszykówka
99%
9.Franz Beckenbauerpiłka nożna
91%
3.Roger Federertenis
90%
7.Muhammad Aliboks
80%
2.Tiger Woodsgolf
75%
4.Michael Phelpspływanie
75%
6.Michael Schumacherwyścigi samochodowe
73%
11.Giba, Gilberto Amauri de Godoy Filhosiatkówka
68%
8.Usain Boltlekkoatletyka
65%
12.Lance Armstrongkolarstwo
54%
5.Wayne Gretzkyhokej
51%
15.Ronnie O’Sullivanbilard
49%
10.Alberto Tombanarciarstwo alpejskie
19%
14.Nadia Comanecigimnastyka sportowa
17%
13.Aleksandr Karelinzapasy
14%

Rozkład punktacji

Percentyl według liczby udzielonych odpowiedzi

Procent ludzi z każdym wynikiem

Twoja historia wyników

Nie rozwiązałeś tego quizu